Pays d'Europe - Statistiques

Statistiques générales
  • Ce quiz a été pris 435 fois
    385 depuis la dernière actualisation
  • Le résultat moyen est 31 sur 45
Statistiques - réponses
Pays d'Europe % Correct
La France
97%
L'Espagne
95%
L'Allemagne
92%
Le Portugal
91%
La Belgique
90%
L'Italie
87%
La Suède
85%
La Finlande
83%
L'Irlande
83%
Les Pays-Bas
82%
La Norvège
81%
La Grèce
80%
Le Luxembourg
80%
La Pologne
79%
La Russie
78%
La Suisse
78%
La Croatie
77%
L'Autriche
77%
L'Estonie
77%
La Hongrie
75%
La Roumanie
73%
La Royaume-Uni
73%
Le Danemark
73%
L'Ukraine
73%
L'Albanie
70%
L'Islande
70%
La Lettonie
69%
La Slovaquie
67%
La Bulgarie
66%
L'Andorre
66%
La Biélorussie
64%
La Slovénie
64%
Monaco
63%
Le Vatican
62%
La Serbie
61%
Malte
61%
Le Kosovo
52%
Le Monténégro
52%
Saint-Marin
49%
La Bosnie-Herzégovine
42%
Le Liechtenstein
42%
La Moldavie
41%
La Tchéquie
35%
La Lituanie
28%
La Macédonie du Nord
1%
Aucun quiz correspondant
Distribution des résultats
% des personnes avec chaque résultat
Percentile par nombre de réponses
Votre historique - résultats
Vous n’avez pas pris ce quiz depuis la dernière actualisation